000 00215nam a2200085Ia 4500
008 200302s9999 xx 000 0 und d
100 _aK. W. Smithies
245 _aPrinciples of Design in Architecture
260 _bPublisher
999 _c835
_d835